01215nam a2200229 a 4500008004100000020001500041050001600056110002900072245008500101260004400186300001500230350000900245500004100254650003400295650001300329650006400342995015800406995014900564999001700713952012900730952012600859120416s1983 ||||||||||||||||| || u a0582902614 aHG 3881 Tow aCommonwealth Secretariat10aTowards a New Breton Woods: challenge for the world financial and trading system aLondon:bCommonwealth Secretariatc1983 axii, 148p. a0.00 areport by a Commonwealth study group 0aFINANCE--DEVELOPING COUNTRIES 0aCOMMERCE 0aINTERNATIONAL ECONOMIC RELATIONS--HANDBOOKS, MANUALS, E.T.C aSPECIAL COLLECTIONSD0.00e03007150FCBU-MAIN LIBRARY (Kitwe)H1I0.00jCOMM(02)1983/2M3UAVAILABLEWSep 27, 2010yZ03007150ZInternational Publications aANNEX COLLECTION (Main Library)D0.00e710137FCBU-MAIN LIBRARY (Kitwe)H1I5.00jHG 3881 TowM1UAVAILABLEy008023ZAnnex Low-Usage Collection  c81362d81362 00102lcc4070a001b001cInternational Publicationsd2023-08-18l0oHG 3881 TowpZ03007150r2023-08-18t1w2023-08-18y023 00102lcc4070a001b001cAnnex Low-Usage Collectiond2023-08-18l0oHG 3881 Towp008023r2023-08-18t2w2023-08-18y002